mination of plasticity retention index (PRI) (NR: 13) (First Revision) (Record no. 73709)

MARC details
000 -LEADER
fixed length control field 00450nam a2200133Ia 4500
245 #0 - TITLE STATEMENT
Title mination of plasticity retention index (PRI) (NR: 13) (First Revision)
260 ## - PUBLICATION, DISTRIBUTION, ETC. (IMPRINT)
Place of publication New Delhi
260 ## - PUBLICATION, DISTRIBUTION, ETC. (IMPRINT)
Year of publication 1989
Name of publisher Bureau of Indian standards
490 ## - SERIES STATEMENT
Series statement Methods of test for natural rubber. part 12. Deter
500 ## - GENERAL NOTE
General note Standard number: IS 3660 (Part 12)
650 ## - SUBJECT ADDED ENTRY--TOPICAL TERM
Topical Term Plasticity Retention Index
942 ## - ADDED ENTRY ELEMENTS (KOHA)
Koha item type Standards
Holdings
Withdrawn status Lost status Damaged status Not for loan Home library Current library Date acquired Koha item type
      Standards RRII Library RRII Library 31/12/2021 Standards